|
|
|
|
| LEADER |
00635cam a2200181ua 4500 |
| 008 |
121109t2011||||||||||| 00 ||eng c |
| 041 |
0 |
|
|a eng
|
| 082 |
|
|
|a 658.301
|b RAJ/M
|
| 245 |
1 |
0 |
|a Manpower management of tourism industry in Kerala- An evaluative study.(Ph.D Thesis) /
|
| 250 |
|
|
|a Ph.D
|
| 260 |
|
|
|a Mangattuparamba:
|b Dept. of Management Studies, Kannur University,
|c 2011.
|
| 300 |
|
|
|a 291p.
|e CD
|
| 362 |
1 |
|
|a 2011.
|
| 650 |
0 |
|
|a Tourism industry
|
| 700 |
0 |
2 |
|a Asokan, T
|
| 942 |
|
|
|c REF
|
| 999 |
|
|
|c 27886
|d 27886
|
| 952 |
|
|
|0 0
|1 0
|4 0
|6 658_301000000000000_RAJ
|7 0
|9 29660
|a KUCL
|b KUCL
|d 2014-05-23
|l 0
|o 658.301 RAJ/
|p T0180
|r 2014-05-23
|w 2014-05-23
|y REF
|